Normal view
MARC view
- Elliott, William Whitfield, 1898-
Entry Personal Name
001 - CONTROL NUMBER
- control field: 17563
003 - CONTROL NUMBER IDENTIFIER
- control field: OSt
005 - DATE AND TIME OF LATEST TRANSACTION
- control field: 20110216131918.0
008 - FIXED-LENGTH DATA ELEMENTS
- fixed length control field: 110216|||a|||||| | ||| d
040 ## - CATALOGING SOURCE
- Original cataloging agency: OSt
- Transcribing agency: OSt
100 ## - HEADING--PERSONAL NAME
- Personal name: Elliott, William Whitfield, 1898-
670 ## - SOURCE DATA FOUND
- Source citation: Work cat.: (OSt): Elliott, William Whitfield, 1898-, College mathematics , 1940
670 ## - SOURCE DATA FOUND
- Source citation: Work cat.: (OSt): Elliott, William Whitfield, 1898-, College mathematics , 1940
